| 000 | 00512nam a2200169 a 4500 | ||
|---|---|---|---|
| 001 | 4198 | ||
| 003 | CDMR | ||
| 005 | 20151016124802.0 | ||
| 008 | 130130s1981||||||||||||||||||||||||||||d | ||
| 040 |
_aCDMR _bcat _cCDMR |
||
| 245 | 0 | 0 |
_aChequeo a la radio de Cataluña _b: Jornadas sobre radiodifusión 1980 |
| 260 |
_cDL 1981 _bLínea _a[Barcelona] |
||
| 300 | _a159 p. | ||
| 650 | 0 | 4 |
_93105 _aRadiodifusió _zCatalunya _xCongressos |
| 710 | 2 |
_92097 _aInstituto Oficial de Radio y Televisión (Espanya) |
|
| 942 |
_cMON _2udc |
||
| 999 |
_c4198 _d4198 |
||